BIBLIOTECA PODER JUDICIAL
Portal Judicial TDF

Delitos y faltas electorales y el nuevo proceso sancionador en el fuero electoral / (Registro nro. 6144)

000 -LEADER
fixed length control field 01261nabaa22002057a 4500
003 - CONTROL NUMBER IDENTIFIER
control field OSt
005 - DATE AND TIME OF LATEST TRANSACTION
control field 20260122234020.0
008 - FIXED-LENGTH DATA ELEMENTS--GENERAL INFORMATION
fixed length control field 190701b xxu||||| |||| 00| 0 spa d
040 ## - CATALOGING SOURCE
Transcribing agency PJ
100 ## - MAIN ENTRY--PERSONAL NAME
9 (RLIN) 5518
Personal name Girotti, María Cristina
245 13 - TITLE STATEMENT
Title Delitos y faltas electorales y el nuevo proceso sancionador en el fuero electoral /
Statement of responsibility, etc María Cristina Girott.
300 ## - PHYSICAL DESCRIPTION
Extent p. 21-29
505 ## - FORMATTED CONTENTS NOTE
Formatted contents note Sumario: I. Introducción.— II. La discusión clásica acerca de la diferencia entre delitos y faltas.— III. Los delitos y las faltas en el Código Nacional Electoral.— IV. Las infracciones en las leyes 26.215 y 26.571.—V. Una reflexión y propuesta.— VI. El problema de las etiquetas frente a la Constitución Nacional.— VII. El proceso sancionatorio en el viejo Código Nacional Electoral.— VIII. El proceso sancionatorio en el Código actual.— IX. Conclusión.
505 ## - FORMATTED CONTENTS NOTE
Title ¿Te interesa el texto completo? Comunicate al correo: koha@justierradelfuego.gov.ar
650 #0 - SUBJECT ADDED ENTRY--TOPICAL TERM
9 (RLIN) 211
Topical term or geographic name as entry element DERECHO ADMINISTRATIVO
650 #0 - SUBJECT ADDED ENTRY--TOPICAL TERM
9 (RLIN) 904
Topical term or geographic name as entry element DERECHO ELECTORAL
650 #0 - SUBJECT ADDED ENTRY--TOPICAL TERM
9 (RLIN) 289
Topical term or geographic name as entry element TECNOLOGIA DE LA INFORMACION
773 0# - HOST ITEM ENTRY
Host Biblionumber 2842
Host Itemnumber 3251
Place, publisher, and date of publication Buenos Aires : AbeledoPerrot, 2012-
Other item identifier DA121
Title Derecho administrativo. Nº 150 noviembre/diciembre 2023
International Standard Book Number 18510590
942 ## - ADDED ENTRY ELEMENTS (KOHA)
Source of classification or shelving scheme
Koha item type Analítica Artículo de Revista

No hay ítems disponibles.

12 de Octubre 789 Ushuaia - Tel:  54(02901)441571
Horario de Atención: 8.00 a 17.00 hs. 
bibliotecaush@justierradelfuego.gov.ar
koha@justierradelfuego.gov.ar
Seguinos en nuestras redes @bibliojustdf 

Con tecnología Koha